| 000 | 00407pab a2200157 454500 | ||
|---|---|---|---|
| 008 | 180718b2017 xxu||||| |||| 00| 0 eng d | ||
| 100 | _aVinichenko, Mikhail V. et al | ||
| 245 | _aIncrease loyalty of the staff of public organizations | ||
| 260 | _c2017 | ||
| 300 | _ap.263-274. | ||
| 650 | _aMotivation | ||
| 650 | _aEmployees | ||
| 650 | _aOrganizations | ||
| 773 | _aMan in India | ||
| 909 | _a115832 | ||
| 999 |
_c115826 _d115826 |
||